00914cam a2200241 a 450000100060000000300080000600500170001400800380003102000240006903500190009304000270011208200240013910000550016324501350021825000120035326000290036530000400039450400510043450501130048565000290059865000160062770000290064335351BD-RjUL20211209052315.0140522m1976 enka b 001 0 eng d a0852642393 (vol. 3) a(BD-RjUL)35445 aANScANSdm/cbBD-RjUL a519bKEA V-2 19761 aKendall, Maurice G.q(Maurice George),d1907-1983.14aThe advanced theory of statistics :bin three volumes /cMaurice G. Kendall and Alan Stuart.nVolume 2pINFERENCE AND RELATIONSHIP a4th ed. aLondon :bGriffin,c1976 ax ,748 p. :bill., tables ;c26 cm. aIncludes bibliographical references and index.1 av. 1. Distribution theory -- v. 2. Inference and relationship -- v. 3. Design and analysis, and time-series. 0aMathematical statistics. 0aStatistics.1 aStuart, Alan,d1922-1998